000 00493 a2200169 4500
003 OSt
005 20231227154145.0
008 231227b |||||||| |||| 00| 0 eng d
020 _a9789350728277
040 _coclc
082 _a891.432
_bHAR/B
100 _aHarishchandra,Bharatendu
_959
245 _aBHARATDURDASHA /
_cBharatendu Harishchandra
260 _aNew Delhi:
_bVani Prakashan,
_c2021.
300 _a47p
942 _2ddc
_cBK
_h891.432
_iHAR/B
_k891.432
_mHAR/B
999 _c43595
_d43595